000 01795nam a2200289Ia 4500
999 _c49235
_d49235
001 16147
003 GE_BSU
005 20241216161317.0
008 181216s2015||||ge |||||||||||||| ||geo||
020 _a9789941240119
040 _cGE_BSU
041 _ageo
080 _a27-36 წ-551
245 _aწმინდა მამა ნეტარი ავგუსტინე /
_cშემდგენელი სოფიო თავაძე ; გარეკანის დიზაინი ეთერ გზირიშვილი.
264 _aთბილისი :
_bპალიტრა L,
_c2015.
300 _a189 გვ. ;
_c20 სმ.
490 _aსაქართველოს იმედი II : ყველა წმინდანი, რომელთა შესახებაც უნდა იცოდე / პროექტის რედაქტორი თამარ მამაცაშვილი ;
_vწიგნი 24
500 _aიბეჭდება სრულიად საქართველოს კათოლიკოს-პატრიარქის, უწმინდესისა და უნეტარესის ილია II-ის ლოცვა-კურთხევით
504 _aბიბლიოგრაფია : გვ. 188
541 _h2ლ.
653 _aრელიგია
653 _aწმინდა მამა ნეტარი ავგუსტინე
653 _aწმინდანთა ცხოვრება
700 _aთავაძე, სოფიო
_eშემდგენელი
_923980
700 _aგზირიშვილი, ეთერ
_eგარეკანის დიზაინი
_923981
942 _cBK
_2udc